[Event "Chess24 Legends of Chess Final 4"]
[Site "Online"]
[Date "2020.07.30"]
[Round "1.1"]
[White "Carlsen, Magnus"]
[Black "Svidler, Peter"]
[Result "1/2-1/2"]
[WhiteElo "2881"]
[BlackElo "2742"]
[Annotator "TA"]
[PlyCount "94"]
[EventDate "2020.07.31"]
[EventType "k.o."]
[SourceTitle "playchess.com"]
[Source "ChessBase"]
[SourceQuality "1"]

{[%evp 15,94,0,0,0,6,0,0,0,0,-27,0,0,10,23,27,0,30,25,23,25,35,47,49,29,42,0,0,8,34,36,29,25,25,25,25,25,27,25,26,24,30,20,113,109,105,36,45,45,50,43,49,0,0,0,0,0,0,0,0,-8,-8,-6,0,0,0,0,5,5,5,5,6,6,6,5,5,5,5,5,5,5,6]} 1. e4 c5 2. Nf3 d6 3. d4 cxd4 4. Nxd4 Nf6 5. Nc3 a6 6. Be3 e6 7. f3 b5 8. a3 Bb7 9. Qd2 {B80: Sicilian Scheveningen: 6 g3 and 6 Be3, including English Attack.} h5 10. O-O-O Nbd7 11. Rg1 Rc8 12. Be2 Be7 13. Kb1 {[#]} Qc7 $5 $146 {[%mdl 8] New and interesting.} ({Predecessor:} 13... Nb6 14. Qe1 Nfd7 15. g4 hxg4 16. Rxg4 g6 17. Rxg6 Rxc3 18. Nxe6 Qc8 19. Ng7+ Kf8 {½-½ (33) Alekseenko,K (2698)-Vachier Lagrave,M (2767) Ekaterinburg 2020}) 14. Bg5 Qb6 15. Be3 Qa5 16. g3 Rxc3 17. Nb3 Qc7 {[#] And now ...Rxe3! would win.} ({Of course not} 17... Rxb3 $6 18. Qxa5 Rxe3 19. Qd2 $16) 18. Qxc3 Qxc3 19. bxc3 d5 20. exd5 Nxd5 21. Bd2 $1 Bxa3 22. c4 bxc4 23. Bxc4 N7b6 24. Na5 $36 {[%mdl 2048] White is more active.} Nxc4 25. Nxc4 ({Don't blunder} 25. Nxb7 $2 O-O $19) 25... Bc5 26. Rge1 h4 27. f4 hxg3 28. hxg3 Ke7 (28... O-O $11 {remains equal.}) 29. f5 $16 Rb8 {[#]} 30. Ka2 (30. Kc1 $1 $16) 30... Nb4+ $14 31. Bxb4 $1 Bxb4 32. Re3 {fxe6 is the strong threat.} Rc8 33. Ne5 {Black must now prevent Rd7+.} Rxc2+ {The position is equal.} 34. Kb3 Rd2 35. Rxd2 Bxd2 $11 {[%mdl 4096] Endgame KRN-KB} 36. Re2 Bd5+ 37. Ka4 Bc3 38. fxe6 Bxe6 (38... fxe6 {with more complications.} 39. Ng6+ Kd6 40. Nf4 e5 41. Nxd5 Kxd5 42. Kb3 Kd4) 39. Re3 Bxe5 (39... Bd2 {keeps more tension.} 40. Nc6+ Kf6 41. Re2 Bc3 42. Re3 Bd2) 40. Rxe5 {KR-KB} Kf6 41. Rc5 Bd7+ 42. Kb4 Bb5 43. Kc3 Ke6 44. Kd4 f6 45. Rc7 g5 46. Rb7 Kf5 47. Rb6 Kg4 {Accuracy: White = 83%, Black = 84%.} 1/2-1/2

[Event "Chess24 Legends of Chess Final 4"]
[Site "Online"]
[Date "2020.07.30"]
[Round "1.1"]
[White "Nepomniachtchi, Ian"]
[Black "Giri, Anish"]
[Result "1-0"]
[WhiteElo "2778"]
[BlackElo "2731"]
[Annotator "TA"]
[PlyCount "80"]
[EventDate "2020.07.31"]
[EventType "k.o."]
[SourceTitle "playchess.com"]
[Source "ChessBase"]
[SourceQuality "1"]

{[%evp 13,80,0,20,16,32,22,37,40,58,51,68,86,85,81,105,117,114,111,112,111,146,125,127,123,123,117,129,127,129,123,151,149,179,151,151,151,158,126,185,173,206,202,185,200,204,145,134,134,160,164,342,330,333,323,470,495,438,402,386,260,258,235,748,739,877,867,995,970,846]} 1. e4 e5 2. Bc4 Nf6 3. d3 Nc6 4. Nc3 Bb4 5. Nf3 d6 6. O-O Bxc3 7. bxc3 Na5 8. Bb3 {C28: Vienna Game: 2...Nf6 3 Bc4 Nc6.} h6 9. h3 {[#]} Qe7 $146 ({Predecessor:} 9... O-O 10. Re1 Re8 11. Bb2 c5 12. c4 a6 13. Qd2 Be6 14. Bc3 Nxb3 15. cxb3 b5 16. Rad1 b4 17. Bb2 a5 {0-1 (54) Sadovy,L (1318)-Dementieva,K (1356) Kimry 2017}) 10. Nh2 {White is slightly better.} Nxb3 11. axb3 g5 12. Re1 Rg8 13. Nf1 g4 14. h4 g3 15. fxg3 ({Much worse is} 15. Nxg3 $6 Ng4 $11) 15... Rg6 16. b4 Nh5 17. Qxh5 Bg4 18. Qxg6 fxg6 19. Bxh6 Kd7 20. Ne3 Be6 21. Rf1 Qh7 22. Bg5 Qg8 23. Rf6 a6 24. Raf1 Re8 25. c4 b6 (25... b5 $16 {was necessary.}) 26. Nd5 Kc6 {[#]} 27. R6f2 $1 {Strongly threatening Nf6.} Qg7 28. Kh2 Kb7 29. Nc3 Ra8 30. Rf6 Qg8 31. c5 Qe8 $2 {[#]} (31... Rc8 {keeps fighting.} 32. Nd1 Qe8 33. cxd6 cxd6) 32. Nd5 $18 dxc5 33. bxc5 bxc5 (33... a5 $142 34. c4 a4) 34. Rb1+ Kc8 35. Bh6 Kd7 36. Rb7 Bxd5 37. exd5 Kc8 $2 (37... Qd8 38. Rxg6 Kc8) 38. Rb1 {White is clearly winning.} Kd7 39. Rbf1 Rd8 40. Rf8 Qe7 {Accuracy: White = 84%, Black = 57%.} 1-0

[Event "Chess24 Legends of Chess Final 4"]
[Site "Online"]
[Date "2020.07.30"]
[Round "1.1"]
[White "Giri, Anish"]
[Black "Nepomniachtchi, Ian"]
[Result "0-1"]
[WhiteElo "2731"]
[BlackElo "2778"]
[Annotator "TA"]
[PlyCount "66"]
[EventDate "2020.07.31"]
[EventType "k.o."]

{[%evp 20,66,20,46,33,24,29,13,19,29,30,16,28,22,26,22,49,0,0,0,15,0,0,0,0,0,0,0,0,-35,254,270,263,-185,-189,-464,-165,-954,-941,-29982,-29983,-29988,-29989,-29990,-29991,-29992,-29976,-29975,-29975]} 1. d4 Nf6 2. c4 g6 3. Nc3 d5 4. cxd5 Nxd5 5. e4 Nxc3 6. bxc3 Bg7 7. Be3 c5 8. Rc1 Qa5 9. Qd2 O-O (9... Nd7 10. Nf3 O-O 11. Bh6 Rd8 12. Bxg7 Kxg7 13. h4 Nf6 14. e5 Ng4 15. d5 h5 16. Rd1 b5 17. c4 Qxd2+ 18. Rxd2 b4 19. Be2 a5 20. O-O a4 21. Rfd1 Rb8 22. d6 Bf5 23. dxe7 Rxd2 24. Rxd2 {0-1 (47) Giri,A (2734)-Nepomniachtchi,I (2721) Beijing 2013}) 10. Nf3 Bg4 11. d5 b5 {[%cal Bb7b5,Bb5b4][%mdl 32] D85: Exchange Grünfeld: Unusual White 7th moves and lines with 7 Nf3.} 12. Bxc5 {Threatens to win with Nd4.} Rc8 13. Bb4 (13. Bxe7 Bxc3 14. Rxc3 Rxc3 $15) 13... Qc7 {The position is equal.} 14. Nd4 a5 $1 {[%cal Ra5b4]} 15. Ba3 b4 $1 {[%cal Rb4a3]} 16. Bb2 Qb6 17. c4 {[#]} Na6 $5 $146 {[%mdl 8] New and interesting.} ({Predecessor:} 17... a4 18. Be2 a3 19. Ba1 Bxe2 20. Kxe2 e6 21. Rhd1 Na6 22. Nc6 Bxa1 23. Ne7+ Kg7 24. Nxc8 Rxc8 25. Rxa1 Rxc4 {1-0 (80) Esipenko,A (2624)-Jones,G (2688) Douglas 2019}) 18. f4 e5 {aiming for ...Nc5.} 19. h3 Nc5 20. fxe5 (20. hxg4 Nxe4 21. Qc2 exd4 $17) 20... Bxe5 21. hxg4 Nxe4 22. Qe3 Re8 $1 23. Kd1 Bg7 {...Nc3+! is the strong threat.} 24. Qg1 {Strongly threatening Rc2.} Nc3+ $2 {[%mdl 8192]} (24... a4 $1 $15 {keeps the upper hand.}) 25. Bxc3 $18 bxc3 26. Nc2 $4 {[%mdl 8192] [#]} (26. Nb5 $18 {is the narrow road to win.} Qf6 27. Rc2 (27. Nxc3 Rab8 $16)) 26... Qf6 $1 $19 {[%cal Rf6f4][%mdl 1024] Black has strong compensation.} 27. Rh2 $2 (27. Qd4 {was the only defense.} Qxd4+ 28. Nxd4 Bxd4 29. Rb1) 27... Rad8 $2 $40 {[%mdl 128] Black is out for blood.} ({Stronger than} 27... Qf4 28. g3 $11) (27... Bh6 {( -> ...Qf4!)} 28. Ra1 (28. Rxh6 $2 Qf4 $19 {[%mdl 64] Double Attack}) 28... Rab8) 28. Rb1 $2 (28. g3 Qf3+ 29. Be2 {[#]} Rxd5+ $1 {[%mdl 512]} 30. cxd5 Qxd5+ 31. Nd4 Bxd4) (28. Ra1 Qe5 29. Bd3) 28... Rb8 {[%cal Rb8b1,Bd8b8,Bb8b2,Bb2c2][%mdl 32]} 29. Rc1 {[#]} Bh6 $1 {[%mdl 512] Black mates.} 30. Ra1 (30. Rxh6 Qf4) 30... Rb2 (30... Qf4 31. g3 $16) 31. g3 Qf3+ {[%mdl 64] Double Attack} 32. Be2 Rxe2 33. Rxe2 {[#]} Rxc2 $1 {[%mdl 576] Pin. Accuracy: White = 47%, Black = 79%.} 0-1

[Event "Chess24 Legends of Chess Final 4"]
[Site "Online"]
[Date "2020.07.30"]
[Round "1.1"]
[White "Giri, Anish"]
[Black "Nepomniachtchi, Ian"]
[Result "1/2-1/2"]
[WhiteElo "2731"]
[BlackElo "2778"]
[Annotator "TA"]
[PlyCount "262"]
[EventDate "2020.07.31"]
[EventType "k.o."]
[SourceTitle "playchess.com"]
[Source "ChessBase"]
[SourceQuality "1"]

{[%evp 20,262,29,22,35,31,30,37,61,39,64,66,93,93,91,91,89,97,98,95,102,105,125,90,86,89,93,63,48,36,82,83,85,67,67,67,68,47,47,47,47,47,47,33,33,33,33,33,40,33,68,33,33,33,33,33,33,33,33,25,33,25,33,33,33,40,63,40,63,24,47,41,91,91,91,91,91,91,91,91,91,91,91,91,91,91,98,98,98,98,98,98,98,98,98,98,98,98,98,98,98,98,98,98,98,98,98,0,98,98,98,98,98,98,98,98,98,98,98,98,98,98,98,98,98,98,98,98,98,98,98,98,98,98,98,98,98,98,98,98,98,98,98,98,98,98,98,98,98,98,98,91,98,98,98,98,98,98,98,91,98,98,98,91,91,91,91,91,91,91,91,91,98,83,83,83,83,83,83,83,83,83,83,83,83,0,83,83,83,0,83,83,83,83,83,34,83,83,83,63,63,63,63,63,74,0,0,0,0,0,0,0,0,0,0,0,0,8,59,0,0,0,63,63,63,63,63,63,63,0,63,63,63,63,63,0,0,0,0,0,0,0,0,0,0]} 1. d4 Nf6 2. c4 g6 3. Nc3 d5 4. cxd5 Nxd5 5. e4 Nxc3 6. bxc3 Bg7 7. Nf3 c5 8. Be3 Qa5 9. Qd2 O-O 10. Rc1 Bg4 11. d5 b5 {D85: Exchange Grünfeld: Unusual White 7th moves and lines with 7 Nf3.} 12. Bxc5 {Black must now prevent Nd4.} Rc8 13. Bb4 {[#]} ({Of course not} 13. Bxe7 Bxc3 14. Rxc3 Rxc3 $17) 13... Qb6 $146 {White is slightly better.} ({Predecessor:} 13... Qc7 14. Nd4 a5 15. Ba3 b4 16. Bb2 Qb6 17. c4 a4 18. Be2 a3 19. Ba1 Bxe2 20. Kxe2 {1-0 (80) Esipenko,A (2624)-Jones,G (2688) Douglas 2019}) 14. Be2 e6 15. O-O Na6 16. Be7 Nc5 17. Qf4 Bxf3 18. Qxf3 ({But not} 18. Bxf3 Nd3 $17) 18... exd5 19. exd5 Re8 20. d6 {Hoping for Rb1.} Bf8 21. Rb1 Bxe7 22. dxe7 a6 23. Bc4 {[%mdl 64] Pin} Ne6 24. a4 {[%cal Ra4b5]} Qc5 25. Bxe6 $1 ({Don't go for} 25. axb5 $2 Qxc4 26. b6 Rab8 $19) 25... fxe6 26. axb5 axb5 27. Rfe1 Ra3 28. Qf6 Qxe7 29. Qe5 Rc8 30. Rxb5 Raxc3 31. h3 Rc1 32. Rb1 Rxb1 33. Rxb1 $14 {[%mdl 4096] Endgame KQR-KQR} Rf8 34. Rb6 Qf6 35. Qe3 Qa1+ 36. Kh2 Qf6 37. Kg3 Re8 38. Rc6 Re7 39. f3 Kg7 40. Kh2 Qf5 41. Rc4 Rf7 42. Re4 Qf6 43. h4 $36 {[%mdl 2048] White has good play.} e5 44. h5 gxh5 45. Rxe5 Qf4+ 46. Qxf4 Rxf4 $16 {KR-KR} 47. Kg3 Ra4 48. Rxh5 Kg6 49. Rh4 (49. Rb5 {looks sharper.} Ra2 50. Rb6+ Kg5 51. Rb4 Kg6 52. Rg4+) 49... Ra5 50. Rg4+ Kf6 51. Kh4 Rb5 52. Ra4 h6 53. Ra6+ Kg7 54. Re6 Rb2 55. Kh3 Rb4 56. Ra6 Rc4 57. Rb6 Ra4 58. Rc6 Rb4 59. Rd6 Ra4 60. Rd3 Kg6 61. Re3 Kg5 62. Re5+ Kf6 63. Re3 Kg5 64. Re6 Rh4+ 65. Kg3 Ra4 66. Rb6 Ra3 67. Rb5+ Kg6 68. Kg4 Ra2 69. Kh3 Ra3 70. Rd5 Rb3 71. Rd8 Ra3 72. Rg8+ Kf7 73. Rg4 Kf6 74. Kh4 Ra5 {[#]} 75. Rc4 $1 Ra2 76. Rf4+ Kg6 77. Rg4+ Kh7 78. Kg3 Ra3 79. Kh2 Rb3 80. Ra4 Kg6 {[#]} 81. Ra6+ $1 Kg5 82. Kh3 Rc3 83. Ra8 Kg6 84. Ra5 Rc4 85. g3 Rb4 86. Ra6+ Kg7 87. Re6 Ra4 88. Re4 Ra5 89. Kg4 Rg5+ 90. Kh4 Ra5 91. f4 Ra1 92. Re5 Rb1 93. Ra5 Rc1 94. Kh5 Rh1+ 95. Kg4 Rg1 96. Kf3 Kg6 97. g4 Rf1+ 98. Kg3 Rg1+ 99. Kh3 Rf1 100. Ra6+ Kg7 101. Ra4 Kg6 102. Ra6+ Kg7 103. Ra7+ Kf6 104. Ra4 (104. Kg3 {keeps more tension.} Rg1+ 105. Kf3 Rf1+ 106. Ke3 Re1+ 107. Kf2) 104... Kg6 $1 105. Kg2 Rb1 106. Ra6+ Kg7 107. Kg3 Rg1+ 108. Kf3 Re1 109. f5 Rf1+ 110. Ke4 Re1+ 111. Kd5 Rd1+ 112. Ke6 (112. Ke5 $16 {Strongly threatening Ra7+.} Re1+ 113. Kf4) 112... Re1+ $11 113. Kd7 Re4 114. Re6 Ra4 115. Rg6+ Kf7 116. Kc7 Rf4 117. Kd6 h5 $1 118. Ke5 Rxg4 119. Ra6 (119. Rxg4 $14 hxg4 120. Kf4) 119... Rb4 120. Ra7+ Kf8 (120... Kg8 $11) 121. Kf6 $1 $14 {Ra8+ would kill now.} Rb6+ 122. Kg5 Rc6 123. Rh7 Rb6 124. Rxh5 (124. Kxh5 $14 Kg8 125. Rd7) 124... Ra6 ({Black should play} 124... Kg7 $11) 125. Rh7 Rb6 126. Rc7 Ra6 127. f6 ({Better is} 127. Kf4 $14) 127... Ra1 $11 {The position is equal.} 128. Rc8+ Kf7 129. Rc7+ Kf8 130. Rc8+ Kf7 131. Rc7+ Kf8 {Accuracy: White = 92%, Black = 92%.} 1/2-1/2

[Event "Chess24 Legends of Chess Final 4"]
[Site "Online"]
[Date "2020.07.30"]
[Round "1.2"]
[White "Carlsen, Magnus"]
[Black "Svidler, Peter"]
[Result "1/2-1/2"]
[WhiteElo "2881"]
[BlackElo "2742"]
[Annotator "TA"]
[PlyCount "82"]
[EventDate "2020.07.31"]
[EventType "k.o."]
[SourceTitle "playchess.com"]
[Source "ChessBase"]
[SourceQuality "1"]

{[%evp 11,82,16,14,13,8,8,6,8,14,0,23,22,31,27,53,35,52,41,113,80,89,47,64,49,65,47,31,17,18,15,20,4,6,0,0,0,0,0,0,0,0,0,0,-9,-9,-9,-7,-8,-5,-8,-7,-8,0,-8,-8,-8,-8,-13,-13,-13,-13,-12,-12,-12,-12,-15,-12,-12,0,-12,0,-12,0]} 1. e4 c5 2. Nf3 d6 3. Bb5+ Nd7 4. d4 cxd4 5. Qxd4 a6 6. Bxd7+ Bxd7 7. c4 {B51: Sicilian: Moscow Variation (3 Bb5+) without 3...Bd7.} e5 8. Qd3 b5 9. Nc3 bxc4 10. Qxc4 Qc8 (10... Be6 $5 {[%cal Re6c4]} 11. Nd5 Bxd5 12. Qxd5 (12. exd5 Qd7 $11) 12... Rb8 $14) 11. Qd3 Qb7 12. O-O $36 {[%mdl 2048] White fights for an advantage.} h6 13. Nd2 Be6 14. Nc4 {[#]} Qc6 $146 (14... Bxc4 $14 15. Qxc4 Nf6) ({Predecessor:} 14... Rd8 15. f4 Nf6 16. f5 Bxc4 17. Qxc4 Be7 18. Be3 O-O 19. Nd5 Nxd5 20. exd5 Rc8 {0-1 (39) Lugovskoy,M (2431)-Fedoseev,V (2659) St Petersburg 2015}) 15. b3 Nf6 16. Ne3 Rc8 17. Bd2 Be7 18. Rac1 Qb7 19. Ncd5 {Hoping for Rxc8+.} O-O $1 {The position is equal.} 20. Nxe7+ Qxe7 21. Rxc8 (21. Bc3 {seems wilder.} Rcd8 22. Rfd1 Qb7 23. f3 Rd7 24. Kh1) 21... Rxc8 22. Rc1 Rxc1+ 23. Bxc1 Qc7 24. Bd2 Qc6 25. f3 d5 26. exd5 Nxd5 27. Nxd5 Bxd5 28. Qc3 Qe6 29. Qc5 f6 30. h3 Qd7 31. Be3 (31. Qc2 {with more complications.} Kh8 32. Kf2 Bc6 33. Be3 Bb5 34. Qd2) 31... Qe6 (31... Qc6 {keeps more tension.} 32. Qxc6 Bxc6 33. Kf2 Kf7 34. g4 g5) 32. Qb6 Qxb6 33. Bxb6 $11 {[%mdl 4096] Endgame KB-KB} Kf7 34. Bc5 g5 35. Kf2 h5 36. Bb6 h4 37. Bd8 Ke6 38. Ke3 Kf5 39. Kf2 Ke6 40. Ke3 Kf5 41. Kf2 Ke6 {Accuracy: White = 93%, Black = 92%.} 1/2-1/2

[Event "Chess24 Legends of Chess Final 4"]
[Site "Online"]
[Date "2020.07.30"]
[Round "1.2"]
[White "Carlsen, Magnus"]
[Black "Svidler, Peter"]
[Result "1-0"]
[WhiteElo "2881"]
[BlackElo "2742"]
[Annotator "TA"]
[PlyCount "51"]
[EventDate "2020.07.31"]
[EventType "k.o."]
[SourceTitle "playchess.com"]
[Source "ChessBase"]
[SourceQuality "1"]

{[%evp 15,51,22,40,25,21,20,46,27,30,50,81,54,59,49,112,91,242,107,139,144,147,140,152,149,386,322,320,308,294,325,315,311,308,298,280,285,367,364]} 1. e4 c5 2. Nf3 d6 3. d4 cxd4 4. Nxd4 Nf6 5. Nc3 a6 6. Be3 e6 7. Be2 Qc7 {now scores much better than the old 7...Be7.} 8. Qd2 b5 9. a3 {B84: Sicilian Scheveningen: 6 Be2 a6, lines without early Be3.} Bb7 10. f3 Nbd7 11. O-O-O {White is slightly better.} d5 12. exd5 Bxd5 {[#]} 13. Bf4 $1 {[%cal Rf4c7]} ({But not} 13. Nxd5 $6 Nxd5 14. Kb1 b4 $11) 13... Qb6 {[#]} 14. Rhe1 $146 {[%cal Re2b5][%mdl 2048] Bxb5! is the strong threat. White is more active.} ({Predecessor:} 14. Nf5 O-O-O 15. Bg5 Ne5 16. Nxd5 Rxd5 17. Qe3 Qxe3+ 18. Nxe3 Nd3+ 19. Rxd3 Rxg5 20. b4 {1-0 (64) Bacrot,E (2669)-Andersen,M (2601) Germany 2019}) 14... O-O-O (14... b4 $14 15. Nxd5 Nxd5) 15. Be3 {[%cal Rd4b5]} Qb7 $2 (15... b4 $16) 16. a4 (16. Ndxb5 $18 axb5 17. Nxb5) 16... b4 17. Nxd5 Nxd5 18. Nb3 Qc6 19. Qd4 {Threatens to win with Qa7.} Bd6 $2 (19... Nb8 $16 20. Bc4 Rd7) 20. Na5 Qc5 21. Bxa6+ Kc7 {[#] Strongly threatening ...Ra8.} 22. Nb7 $1 {[%cal Rb7c5][%mdl 64] Double Attack} Qxd4 23. Rxd4 Ra8 24. Nxd6 Kxd6 25. Bb5 N7f6 26. Bd2 {Accuracy: White = 80%, Black = 40%.} 1-0

[Event "Chess24 Legends of Chess Final 4"]
[Site "Online"]
[Date "2020.07.30"]
[Round "1.2"]
[White "Nepomniachtchi, Ian"]
[Black "Giri, Anish"]
[Result "0-1"]
[WhiteElo "2778"]
[BlackElo "2731"]
[Annotator "TA"]
[PlyCount "130"]
[EventDate "2020.07.31"]
[EventType "k.o."]
[SourceTitle "playchess.com"]
[Source "ChessBase"]
[SourceQuality "1"]

{[%evp 13,130,7,7,15,12,12,22,15,19,7,11,-11,7,11,7,11,8,4,27,0,0,0,0,0,0,0,0,0,1,-16,0,0,0,-67,-58,-60,-43,-51,-44,-35,-40,-63,-56,-42,-36,-65,0,0,0,0,0,-83,-81,-83,-80,-75,-77,-251,-238,-298,-298,-298,-298,-298,-322,-331,-312,-281,-290,-289,-295,-298,-290,-259,-269,-345,-417,-311,-208,-199,-116,-122,-122,-122,-113,-212,-140,-1187,-1055,-5189,-1096,-5189,-4898,-6544,-5510,-6524,-6528,-6102,-5093,-2378,-262,-29965,-581,-12804,-29969,-29965,-29968,-29973,-29974,-29965,-29966,-29981,-29982,-29982,-29983,-29986,-29987,-29986,-29987]} 1. e4 c5 2. Nf3 d6 3. Bb5+ Nd7 4. d4 cxd4 5. Qxd4 a6 6. Bxd7+ Bxd7 7. Nc3 (7. O-O Nf6 8. c4 g6 9. Nc3 Bg7 10. Bg5 O-O 11. Rad1 h6 12. Bxf6 Bxf6 13. e5 Bg7 14. Qe3 Bc6 15. exd6 exd6 16. Nd4 Re8 17. Nxc6 bxc6 18. Qd3 Qa5 19. Qxd6 Bxc3 20. bxc3 Qxa2 21. Qxc6 Rac8 22. Ra1 Qxf2+ 23. Rxf2 Rxc6 24. Rfa2 Ree6 25. Ra4 h5 {½-½ (73) Nepomniachtchi,I (2784)-Giri,A (2764) chess24.com INT 2020}) 7... e5 8. Qd3 {B51: Sicilian: Moscow Variation (3 Bb5+) without 3...Bd7.} Rc8 9. O-O h6 10. Rd1 {The position is equal.} Nf6 11. h3 Be7 12. a4 Qc7 13. Nd2 O-O 14. Nf1 Be6 15. Ne3 Qc5 16. Qe2 Bd8 17. Qf3 b5 18. axb5 axb5 19. Ne2 {[%cal Bc3e2,Be2g3,Bg3f1,Bf1d2,Bd2c4][%mdl 32] [#]} g6 $5 $146 {[%mdl 8] New and interesting.} ({Predecessor:} 19... Bb6 20. Ng3 Ra8 21. Rxa8 Rxa8 22. c3 Ra1 23. Nef5 Ne8 24. Be3 Rxd1+ 25. Qxd1 Qc7 26. Bxh6 gxh6 {½-½ (37) Nepomniachtchi,I (2773)-Wojtaszek,R (2724) Moscow 2019}) 20. Ng3 Kg7 21. Ra3 b4 22. Rad3 Be7 23. b3 (23. c4 $11) 23... Rh8 $15 24. Bb2 h5 25. Ngf1 Qc6 26. Nd2 $1 Rhd8 27. Nec4 Bxc4 28. Nxc4 Nxe4 29. Qe3 Nf6 (29... d5 $15 30. Nxe5 (30. Bxe5+ $2 f6 $19) 30... Qxc2 31. Nc6+ Qxb2 32. Nxe7 Rc2 33. Rxd5 Re2) 30. Qe1 $11 Qc5 31. Kh1 Kf8 32. f4 (32. c3 $11) 32... exf4 $17 33. Bxf6 Bxf6 34. Rd5 Qa7 $1 ({Much weaker is} 34... Re8 $6 35. Qf1 $14) 35. Qe4 $2 (35. Qxb4 $17 {was worth a try.} f3 36. gxf3) 35... Qf2 $19 36. R5d2 {[#]} d5 $1 {[%cal Rd5e4][%mdl 64] Double Attack} 37. Rxf2 (37. Rxd5 Re8) 37... dxe4 38. Rxd8+ Bxd8 39. Rxf4 {[%mdl 4096] Endgame KRB-KRN} f5 40. Rf1 Bc7 41. Ra1 Bg3 42. Kg1 f4 43. Kf1 f3 $1 44. Ra6 Kg7 45. Ra7+ Kh6 46. gxf3 exf3 (46... Rf8 $1 $19 47. Nd2 exf3) 47. Rf7 $17 f2 $1 {White must now prevent ...Ra8.} 48. Kg2 Bh4 {...Rc5 is the strong threat.} 49. Ne3 (49. Rf4 $17 Kg5 50. Rd4) 49... Rc3 50. Rf3 $2 {[%mdl 8192]} (50. Nf1 $17) 50... Kg7 $19 51. Nf1 Rxf3 52. Kxf3 {KB-KN} Kf6 53. Ke4 g5 54. Ne3 Ke6 55. Kf3 Ke5 56. Kg2 Kd4 $2 (56... Ke4 57. Nc4 g4 58. hxg4 hxg4) 57. Nd1 $2 (57. Kf3 $19) 57... Bg3 (57... g4 $142 58. hxg4 hxg4 59. Nb2 {[#]} Kc3 $1 {[%mdl 576] Double Attack} 60. Nd3 g3 61. Kf1 Kd2 62. Nf4 Kxc2 63. Ng6 Kxb3 64. Nxh4 Kc3 65. Nf5 b3 66. Nxg3 Kd3 67. Kxf2 b2 68. Kf3 b1=Q 69. Kg4 Qg1 $1 {[%mdl 512]} 70. Kf4 Qc1+ 71. Kf5 Qd1 72. Kf4 Qd2+ 73. Kf5 Qf2+ 74. Kg4 Ke3 75. Nf5+ Ke4 76. Nd6+ Ke5 77. Nc4+ Kf6 78. Na3 Qc5 79. Kf4 Qxa3 80. Ke4 Qd6 81. Kf3 Qd3+ 82. Kf2 Kf5 83. Kg1 Kf4 84. Kh2 Qe2+ 85. Kh1 Kg3 86. Kg1 Qg2#) 58. Nb2 {[#]} Kc3 $1 59. Nd3 {Black mates.} Bd6 60. Nxf2 Kxc2 61. Ne4 Be7 62. h4 g4 63. Ng3 Kxb3 64. Nxh5 Kc2 65. Nf4 b3 {Accuracy: White = 65%, Black = 79%.} 0-1

[Event "Chess24 Legends of Chess Final 4"]
[Site "Online"]
[Date "2020.07.30"]
[Round "1.2"]
[White "Nepomniachtchi, Ian"]
[Black "Giri, Anish"]
[Result "1/2-1/2"]
[WhiteElo "2778"]
[BlackElo "2731"]
[Annotator "TA"]
[PlyCount "80"]
[EventDate "2020.07.31"]
[EventType "k.o."]
[SourceTitle "playchess.com"]
[Source "ChessBase"]
[SourceQuality "1"]

{[%evp 16,80,0,0,7,0,27,-10,0,0,0,12,18,16,16,0,0,-7,11,10,5,0,10,0,0,0,0,0,0,0,0,0,0,0,0,0,0,0,0,0,0,0,0,0,0,0,0,0,0,0,0,0,0,0,0,0,0,0,0,0,0,0,0,0,0,0,0]} 1. e4 e5 2. Nf3 Nc6 3. d4 exd4 4. Nxd4 Nf6 5. Nxc6 bxc6 6. Nc3 Bb4 7. Bd3 d5 8. Bd2 O-O 9. O-O Bxc3 {9...Rb8 is the hot move. C47: Scotch Four Knights and Four Knights with 4 g3.} 10. Bxc3 dxe4 {[#]} 11. Bc4 $146 (11. Bxf6 $5 Qxf6 12. Bxe4 $11) ({Predecessor:} 11. Bxf6 Qxf6 12. Bxe4 Qxb2 13. Bxc6 Rb8 14. Rb1 Qxb1 15. Qxb1 Rxb1 16. Rxb1 Rd8 17. Bf3 {½-½ (52) So,W (2765)-Carlsen,M (2872) Wijk aan Zee 2020}) 11... Nd5 {The position is equal.} 12. Qd4 {[%csl Gc3][%cal Rd4g7] [#]} Nxc3 13. Qxc3 Re8 14. Bb3 Qf6 15. Qxf6 gxf6 16. Rfe1 Re5 17. Rad1 {Threatening Rd8+.} Bf5 18. Re3 Rb8 19. f3 exf3 20. Rxf3 c5 21. Rdf1 Be6 22. Bxe6 Rxe6 $11 {[%mdl 4096] Endgame KRR-KRR} 23. b3 Rd8 24. Rxf6 Rxf6 25. Rxf6 {KR-KR} Rd2 26. Ra6 {Threatens to win with c4.} Rxc2 27. Rxa7 c4 28. bxc4 Rxc4 29. Kf2 Rc2+ 30. Kf3 c5 31. h4 c4 32. Rc7 Rxa2 33. Rxc4 Ra5 34. g4 h6 35. Kg3 Kg7 36. Rf4 Ra3+ 37. Rf3 Ra4 38. Rf4 Ra3+ 39. Rf3 Ra4 40. Rf4 Ra3+ {A rather calm draw. Accuracy: White = 96%, Black = 100%.} 1/2-1/2